Most Populated NATO Countries - Statistics

General Stats
  • This quiz has been taken 45 times
  • The average score is 12 of 12
Answer Stats
Population Country % Correct
66,991,000 France
100%
82,800,000 Germany
100%
38,432,992 Poland
100%
46,528,966 Spain
100%
65,648,000 United Kingdom
100%
325,930,000 United States
100%
11,370,968 Belgium
98%
36,687,300 Canada
98%
60,525,277 Italy
98%
17,162,900 Netherlands
98%
79,814,871 Turkey
88%
19,638,000 Romania
80%
No matching quizzes found
Score Distribution
Percent of People with Each Score
Percentile by Number Answered
Your Score History
You have not taken this quiz